Riconosci lo Stato - Quiz n°21 - Statistics

Statistiche generali
  • Questo quiz è stato fatto 69 volte
  • Il punteggio medio è 12 su 13
Statistiche sulle risposte
Indizio Risposta % Corretto
Iniziale della Capitale A
98%
Capo del Governo Xavier Espot Zamora
97%
Superficie 468 km²
95%
Coprincipi Emmanuel Macron Joan Enric Vives i Sicília
95%
Fuso Orario UTC+1 (Ora legale: UTC+2)
95%
PIL (nominale) 4 800 milioni di $ (2016)
93%
Popolazione 85.458 ab.
93%
Forma di Governo Diarchia parlamentare (coprincipato)
93%
Valuta Euro
93%
Tasso di crescita 0,274%
92%
ISU 0,838
92%
Risposta Andorra
92%
Indipendenza dall’Aragona, 8 settembre 1278
92%
Nessun quiz corrispondente trovato
Distribuzione punteggi
Percentuale di utenti per punteggio
Percentile per numero di risposta
I tuoi punteggi nel tempo
Non hai fatto questo quiz